| 000 | 00707nam a2200205Ia 4500 | ||
|---|---|---|---|
| 003 | GCL | ||
| 005 | 20240530095306.0 | ||
| 008 | 140319s9999 xx 000 0 ara d | ||
| 040 |
_aGCL / _cGCL |
||
| 082 | 0 | 4 |
_a330.962 _bق/م ت |
| 245 | 1 | 0 | _aتحديث مصر |
| 250 | _aالاولى | ||
| 260 |
_aالقاهرة : _bمؤسسة الاهرام ، _c2001 |
||
| 300 |
_a295 ص ؛ _c27 سم |
||
| 490 |
_aكتاب الاهرام الاقتصادى _v169 |
||
| 650 | 0 | 4 | _aمصر - الاحوال الثقافية |
| 650 | 0 | 4 | _aالتعليم - اغراضه واهدافه - مصر |
| 650 | 0 | 4 | _aمصر - الاحوال الاقتصادية - العصر الحديث - حسنى مبارك |
| 942 |
_2ddc _cBK |
||
| 999 |
_c5860 _d5860 |
||